UM Logo

El niño & death of the rice industry/ (Record no. 15134)

MARC details
000 -LEADER
fixed length control field 00385nam a2200121 4500
008 - FIXED-LENGTH DATA ELEMENTS--GENERAL INFORMATION
fixed length control field 200305b ||||| |||| 00| 0 eng d
100 ## - MAIN ENTRY--PERSONAL NAME
9 (RLIN) 41878
Personal name Domingo, VL Sonny.
Relator term Author.
245 ## - TITLE STATEMENT
Title El niño & death of the rice industry/
Statement of responsibility, etc. V.L. Sonny Domingo.
260 ## - PUBLICATION, DISTRIBUTION, ETC. (IMPRINT)
Place of publication, distribution, etc. Philippines;
Name of publisher, distributor, etc. Manila Bulletin,
Date of publication, distribution, etc. ©2019.
300 ## - PHYSICAL DESCRIPTION
Extent page 8;
Dimensions 29.5cm.
650 ## - SUBJECT ADDED ENTRY--TOPICAL TERM
Topical term or geographic name as entry element Agriculture.
9 (RLIN) 41879
942 ## - ADDED ENTRY ELEMENTS (KOHA)
Source of classification or shelving scheme Dewey Decimal Classification
Koha item type Periodicals

No items available.